[Event "GER-ch Seniors"]
[Site "Dresden"]
[Date "2012.08.14"]
[Round "6"]
[White "Schmitthoefer, Herbert"]
[Black "Klein, Alfred"]
[Result "1-0"]
[WhiteElo "1927"]
[BlackElo "1719"]
[PlyCount "43"]
[EventDate "2012.08.09"]
[EventType "swiss"]
[EventRounds "9"]
[EventCountry "GER"]
[SourceTitle "EXT 2014"]
[Source "ChessBase"]
[SourceDate "2013.11.20"]
[SourceVersion "1"]
[SourceVersionDate "2013.11.20"]
[SourceQuality "1"]

1. d4 d5 2. c4 Nc6 3. e3 Nf6 4. Nc3 g6 5. Qb3 e6 6. Nf3 Bg7 7. cxd5 exd5 8. Bb5 0-0 9. Bxc6 bxc6 10. Ne5 Bd7 11. 0-0 Ng4 12. Nxg4 Bxg4 13. Bd2 Qg5 14. f3 Bh3 15. Rf2 Bd7 16. e4 Bxd4 17. Bxg5 Rab8 18. Qc2 Rb7 19. Rd1 Bxf2+ 20. Kxf2 Rfb8 21. b3 Be6 22. Bh6 1-0

[Event "Bad Wiessee Seniors op"]
[Site "Bad Wiessee"]
[Date "2012.04.26"]
[Round "6"]
[White "Klein, Alfred"]
[Black "Jurgan, Brigitte"]
[Result "1-0"]
[WhiteElo "1421"]
[BlackElo "1220"]
[PlyCount "54"]
[EventDate "2012.04.21"]
[EventType "swiss"]
[EventRounds "9"]
[EventCountry "GER"]
[SourceTitle "EXT 2015"]
[Source "ChessBase"]
[SourceDate "2014.11.20"]
[SourceVersion "1"]
[SourceVersionDate "2014.11.20"]
[SourceQuality "1"]

1. c4 e5 2. g3 Nf6 3. Bg2 c6 4. e3 d6 5. Ne2 Bg4 6. 0-0 Bxe2 7. Qxe2 g6 8. d4 e4 9. Nc3 d5 10. cxd5 cxd5 11. Bh3 Bg7 12. Qb5+ Nbd7 13. Qxb7 Nb6 14. Qc6+ Kf8 15. b3 Kg8 16. Ba3 Bf8 17. Bxf8 Kxf8 18. Rac1 Kg7 19. Rc2 h5 20. Rfc1 Qe8 21. Nb5 Qxc6 22. Rxc6 Rac8 23. Bxc8 Nxc8 24. Rxc8 Rxc8 25. Rxc8 a6 26. Nd6 Ng8 27. Rc7 Nh6 1-0

[Event "Bad Wiessee Seniors op"]
[Site "Bad Wiessee"]
[Date "2012.04.24"]
[Round "4"]
[White "Klein, Alfred"]
[Black "Schnell, Franz"]
[Result "0-1"]
[WhiteElo "1421"]
[BlackElo "1683"]
[PlyCount "112"]
[EventDate "2012.04.21"]
[EventType "swiss"]
[EventRounds "9"]
[EventCountry "GER"]
[SourceTitle "EXT 2015"]
[Source "ChessBase"]
[SourceDate "2014.11.20"]
[SourceVersion "1"]
[SourceVersionDate "2014.11.20"]
[SourceQuality "1"]

1. c4 e5 2. Nc3 Bb4 3. g3 Bxc3 4. bxc3 d6 5. Bg2 Nc6 6. d3 Nf6 7. Rb1 Qd7 8. Qc2 0-0 9. Bg5 Qf5 10. Qc1 h6 11. Bxf6 Qxf6 12. Qc2 a5 13. a4 Ra6 14. Nf3 b6 15. Nd2 Bb7 16. 0-0 Nd8 17. Ne4 Qg6 18. Qb3 Ne6 19. Qa2 Bc8 20. Nd2 Bd7 21. Nb3 Kh8 22. Ra1 f5 23. Qd2 Qe8 24. Qa2 f4 25. d4 Ng5 26. c5 f3 27. exf3 Nxf3+ 28. Bxf3 Rxf3 29. Qe2 Rxc3 30. Qb2 exd4 31. Nxd4 Rxc5 32. Rfe1 Re5 33. Nf3 Rxe1+ 34. Rxe1 Qf7 35. Qe2 Ra8 36. Qe7 Rf8 37. Qxf7 Rxf7 38. Nd4 Bxa4 39. Rc1 c5 40. Ne6 Re7 41. Nf4 Kg8 42. Nd5 Rb7 43. Rb1 b5 44. Nc3 Bc2 45. Rxb5 Rxb5 46. Nxb5 d5 47. Na3 Bd3 48. f4 Kf7 49. Kf2 Ke6 50. Ke3 Bf5 51. Nb5 g6 52. Nc7+ Kd6 53. Nb5+ Kc6 54. Na3 h5 55. h4 d4+ 56. Kd2 Kd5 0-1

[Event "Bad Wiessee Seniors op"]
[Site "Bad Wiessee"]
[Date "2012.04.21"]
[Round "1"]
[White "Schnaitmann, Herbert"]
[Black "Klein, Alfred"]
[Result "1-0"]
[WhiteElo "1834"]
[BlackElo "1421"]
[PlyCount "79"]
[EventDate "2012.04.21"]
[EventType "swiss"]
[EventRounds "9"]
[EventCountry "GER"]
[SourceTitle "EXT 2015"]
[Source "ChessBase"]
[SourceDate "2014.11.20"]
[SourceVersion "1"]
[SourceVersionDate "2014.11.20"]
[SourceQuality "1"]

1. Nc3 c5 2. Nf3 Nc6 3. e4 Nf6 4. e5 Ng4 5. e6 fxe6 6. d4 cxd4 7. Nxd4 Nxd4 8. Qxd4 Nf6 9. Bd3 a6 10. g4 d6 11. g5 e5 12. Qh4 e4 13. Nxe4 Nxe4 14. Bxe4 Qa5+ 15. c3 Qe5 16. Be3 Bf5 17. Bxb7 Rb8 18. Bc6+ Kd8 19. 0-0-0 Qa5 20. Qa4 Qxa4 21. Bxa4 Be4 22. Rhg1 g6 23. Bd4 Rg8 24. Bb3 Rxb3 25. axb3 Kc7 26. f4 Bg7 27. Bxg7 Rxg7 28. Rde1 Bf5 29. Kd2 e6 30. Ra1 Kb6 31. b4 d5 32. Ra5 Rc7 33. b3 Rd7 34. Rga1 Ra7 35. b5 Be4 36. Rxa6+ Rxa6 37. Rxa6+ Kxb5 38. Rxe6 Bf5 39. Re5 Kc6 40. Rxf5 1-0

[Event "Niedersachsen-ch Seniors op 14th"]
[Site "Bad Bevensen"]
[Date "2011.07.07"]
[Round "3"]
[White "Klein, Alfred"]
[Black "Steinhoff, Juergen"]
[Result "1-0"]
[WhiteElo "1506"]
[BlackElo "1595"]
[PlyCount "123"]
[EventDate "2011.07.05"]
[EventType "swiss"]
[EventRounds "9"]
[EventCountry "GER"]
[SourceTitle "EXT 2012"]
[Source "ChessBase"]
[SourceDate "2011.11.24"]
[SourceVersion "1"]
[SourceVersionDate "2011.11.24"]
[SourceQuality "1"]

1. c4 Nf6 2. g3 e6 3. Bg2 d5 4. cxd5 exd5 5. Nf3 c5 6. 0-0 Nc6 7. d3 Be6 8. Bd2 Qd7 9. Re1 Be7 10. Ng5 0-0 11. Nc3 Rac8 12. Nxe6 fxe6 13. Rb1 d4 14. Ne4 b5 15. Rc1 Nxe4 16. Bxe4 Ne5 17. e3 dxe3 18. Bxe3 Rfd8 19. Qh5 Ng6 20. Bxc5 Bf6 21. Ba3 a5 22. b3 Bc3 23. Re2 b4 24. Bb2 Bxb2 25. Rxc8 Rxc8 26. Rxb2 Qd4 27. Re2 Rc5 28. Qg4 Qa1+ 29. Kg2 Nf8 30. d4 Rc1 31. Kh3 Rg1 32. Bg2 Qd1 33. d5 exd5 34. Qf3 h6 35. Qxd5+ Qxd5 36. Bxd5+ Kh7 37. Re8 Rd1 38. Be4+ Kg8 39. Ra8 Rd2 40. f3 g5 41. Rxa5 Kg7 42. Ra7+ Kf6 43. Ra6+ Kg7 44. Rb6 Rd4 45. Rc6 Nd7 46. Rc7 Kf6 47. Rc6+ Kg7 48. Rg6+ Kf8 49. Rxh6 Ne5 50. Bb7 g4+ 51. fxg4 Nxg4 52. Re6 Nf2+ 53. Kg2 Nd1 54. Re2 Nc3 55. Rf2+ Kg7 56. Rc2 Kf6 57. a3 Nd1 58. Rc6+ Ke7 59. a4 Rd2+ 60. Kg1 Ne3 61. Rb6 Ng2 62. Bxg2 1-0

[Event "Niedersachsen-ch Seniors op 14th"]
[Site "Bad Bevensen"]
[Date "2011.07.05"]
[Round "1"]
[White "Klein, Alfred"]
[Black "Josting, Friedel"]
[Result "1/2-1/2"]
[WhiteElo "1506"]
[BlackElo "1817"]
[PlyCount "57"]
[EventDate "2011.07.05"]
[EventType "swiss"]
[EventRounds "9"]
[EventCountry "GER"]
[SourceTitle "EXT 2012"]
[Source "ChessBase"]
[SourceDate "2011.11.24"]
[SourceVersion "1"]
[SourceVersionDate "2011.11.24"]
[SourceQuality "1"]

1. c4 c5 2. Nc3 Nc6 3. Nf3 g6 4. g3 Bg7 5. Bg2 Nf6 6. 0-0 0-0 7. e3 d6 8. d4 cxd4 9. exd4 Bg4 10. h3 Bd7 11. b3 a6 12. Qd2 Rb8 13. Bb2 b5 14. d5 b4 15. dxc6 bxc3 16. Qxc3 Bxc6 17. Rfe1 Re8 18. Rad1 Qc7 19. Re2 Qa7 20. Rde1 Nh5 21. Nd4 Bxg2 22. Kxg2 e5 23. Qf3 Qd7 24. Qc6 Qxc6+ 25. Nxc6 Rb6 26. Nd4 Rbb8 27. Nc2 a5 28. c5 dxc5 29. Bxe5 1/2-1/2

[Event "Hessen-ch Seniors op 07th"]
[Site "Bad Sooden-Allendorf"]
[Date "2011.05.04"]
[Round "5"]
[White "Schulz, Eugen"]
[Black "Klein, Alfred"]
[Result "1/2-1/2"]
[WhiteElo "1719"]
[BlackElo "1491"]
[PlyCount "62"]
[EventDate "2011.04.30"]
[EventType "swiss"]
[EventRounds "9"]
[EventCountry "GER"]
[SourceTitle "EXT 2012"]
[Source "ChessBase"]
[SourceDate "2011.11.24"]
[SourceVersion "1"]
[SourceVersionDate "2011.11.24"]
[SourceQuality "1"]

1. e4 e5 2. Nf3 Nc6 3. c3 Nf6 4. d4 exd4 5. e5 Nd5 6. cxd4 d6 7. Bb5 a6 8. Bxc6+ bxc6 9. 0-0 Rb8 10. Nc3 Be7 11. Qa4 Qd7 12. a3 0-0 13. Qc4 Nb6 14. Qe2 a5 15. Re1 Ra8 16. Bf4 Ba6 17. Qc2 d5 18. Ng5 Bxg5 19. Bxg5 Qe6 20. Ne2 Bxe2 21. Rxe2 h6 22. Bh4 a4 23. f4 Qg4 24. Bg3 Nc4 25. Kf2 Rfb8 26. h3 Qd7 27. Rb1 Rb3 28. Bh4 Rab8 29. Qc1 Nxa3 30. Ra1 Nc4 31. Rxa4 Rxb2 1/2-1/2

[Event "Hessen-ch Seniors op 07th"]
[Site "Bad Sooden-Allendorf"]
[Date "2011.05.01"]
[Round "2"]
[White "Klein, Alfred"]
[Black "Didzuhn, Werner"]
[Result "0-1"]
[WhiteElo "1491"]
[BlackElo "1672"]
[PlyCount "51"]
[EventDate "2011.04.30"]
[EventType "swiss"]
[EventRounds "9"]
[EventCountry "GER"]
[SourceTitle "EXT 2012"]
[Source "ChessBase"]
[SourceDate "2011.11.24"]
[SourceVersion "1"]
[SourceVersionDate "2011.11.24"]
[SourceQuality "1"]

1. c4 e6 2. Nc3 f5 3. g3 Nf6 4. Bg2 d5 5. cxd5 exd5 6. Nf3 d4 7. Qa4+ Nc6 8. Nb5 Bc5 9. Na3 Be6 10. Ne5 Bd5 11. Nxc6 bxc6 12. 0-0 0-0 13. d3 Bxg2 14. Kxg2 Qd5+ 15. Kg1 Rae8 16. Re1 Re6 17. Nc4 Rfe8 18. Qc2 Bb4 19. e4 fxe4 20. dxe4 Nxe4 21. Bd2 Nxd2 22. Rxe6 Nf3+ 23. Kf1 Nxh2+ 24. Kg1 Nf3+ 25. Kf1 Rxe6 26. Rd1 0-1

[Event "GER-ch Seniors 22nd"]
[Site "Berlin"]
[Date "2010.08.23"]
[Round "8"]
[White "Klein, Alfred"]
[Black "Mehlhorn, Dieter"]
[Result "0-1"]
[WhiteElo "1446"]
[BlackElo "1705"]
[PlyCount "132"]
[EventDate "2010.08.16"]
[EventType "swiss"]
[EventRounds "9"]
[EventCountry "GER"]
[SourceTitle "CBM 138 Extra"]
[Source "ChessBase"]
[SourceDate "2010.10.29"]
[SourceVersion "1"]
[SourceVersionDate "2010.10.29"]
[SourceQuality "1"]

1. c4 e5 2. Nc3 Nf6 3. Nf3 d6 4. g3 Nc6 5. Bg2 Be7 6. 0-0 0-0 7. d4 exd4 8. Nxd4 Ne5 9. b3 Rb8 10. Bb2 Bd7 11. Qc2 Qc8 12. Ne4 Nxe4 13. Bxe4 f5 14. Bd5+ Kh8 15. Bg2 f4 16. Qc3 Bh3 17. Nf3 Nxf3+ 18. exf3 Bf6 19. Qd2 fxg3 20. fxg3 Bxg2 21. Kxg2 Qf5 22. Bxf6 Qxf6 23. Rae1 Rf7 24. Re3 Rbf8 25. f4 Qf5 26. Rfe1 h6 27. Re8 Qd7 28. Rxf8+ Rxf8 29. Qe2 Rf7 30. Qe8+ Qxe8 31. Rxe8+ Kh7 32. Ra8 a6 33. Rb8 c6 34. Rd8 Rf6 35. Rd7 b5 36. Ra7 bxc4 37. bxc4 d5 38. cxd5 cxd5 39. Rd7 Rb6 40. Rxd5 Rb2+ 41. Kg1 Rxa2 42. Rd7 Kg6 43. f5+ Kxf5 44. Rxg7 a5 45. Rh7 Kg6 46. Ra7 h5 47. h3 Kf5 48. Rh7 Ke4 49. Re7+ Kf3 50. Rg7 a4 51. g4 hxg4 52. Rxg4 a3 53. Rg7 Rb2 54. Rf7+ Ke4 55. Re7+ Kf5 56. Rf7+ Kg6 57. Ra7 a2 58. Ra6+ Kf5 59. Ra5+ Ke4 60. Ra4+ Kd3 61. Ra3+ Kc2 62. Kg2 Kb1+ 63. Kg3 a1Q 64. Rxa1+ Kxa1 65. h4 Rb4 66. h5 Kb2 0-1

[Event "GER-ch Seniors 22nd"]
[Site "Berlin"]
[Date "2010.08.19"]
[Round "4"]
[White "Klein, Alfred"]
[Black "Jacob, Barbara"]
[Result "1-0"]
[WhiteElo "1446"]
[BlackElo "1605"]
[PlyCount "95"]
[EventDate "2010.08.16"]
[EventType "swiss"]
[EventRounds "9"]
[EventCountry "GER"]
[SourceTitle "CBM 138 Extra"]
[Source "ChessBase"]
[SourceDate "2010.10.29"]
[SourceVersion "1"]
[SourceVersionDate "2010.10.29"]
[SourceQuality "1"]

1. c4 e5 2. Nc3 Nf6 3. Nf3 Nc6 4. d3 Be7 5. g3 d6 6. Bg2 Bg4 7. a3 Qc8 8. b4 0-0 9. 0-0 Bh3 10. Re1 Bxg2 11. Kxg2 Nh5 12. e4 f5 13. Nd5 Bd8 14. b5 Ne7 15. Nxe7+ Bxe7 16. Nxe5 Nf6 17. Nf3 fxe4 18. dxe4 Kh8 19. Bb2 Qg4 20. Nh4 Qxd1 21. Raxd1 Ng4 22. Nf5 Bf6 23. Bxf6 Rxf6 24. h3 Ne5 25. Ne3 Raf8 26. f4 Ng6 27. Nd5 R6f7 28. Re2 h5 29. h4 Re8 30. Rde1 c6 31. bxc6 bxc6 32. Nb4 c5 33. Nd5 Rb7 34. Re3 Rb2+ 35. R1e2 Reb8 36. Kf3 Rb1 37. Nc3 Rc1 38. Nb5 Rxc4 39. Nxd6 Rd4 40. Nf5 Ra4 41. e5 Rf8 42. Nd6 Nxh4+ 43. gxh4 Rfxf4+ 44. Kg2 Rg4+ 45. Rg3 Rxg3+ 46. Kxg3 Rxa3+ 47. Kh2 Ra4 48. e6 1-0

[Event "GER-ch Seniors 22nd"]
[Site "Berlin"]
[Date "2010.08.16"]
[Round "1"]
[White "Hoffmann, Peter1111"]
[Black "Klein, Alfred"]
[Result "1-0"]
[WhiteElo "1838"]
[BlackElo "1446"]
[PlyCount "61"]
[EventDate "2010.08.16"]
[EventType "swiss"]
[EventRounds "9"]
[EventCountry "GER"]
[SourceTitle "CBM 138 Extra"]
[Source "ChessBase"]
[SourceDate "2010.10.29"]
[SourceVersion "1"]
[SourceVersionDate "2010.10.29"]
[SourceQuality "1"]

1. d4 Nf6 2. c4 g6 3. Nc3 Bg7 4. e4 d6 5. f4 0-0 6. Nf3 c5 7. d5 Bd7 8. e5 dxe5 9. fxe5 Ne8 10. Be2 Na6 11. 0-0 Nac7 12. Bf4 b6 13. Qd2 Qc8 14. Ne4 Bf5 15. Ng3 Bg4 16. h3 Bd7 17. Rac1 Qd8 18. Bh6 Qc8 19. Kh2 Qd8 20. Bd3 Na6 21. Rf2 e6 22. Rcf1 exd5 23. cxd5 Nec7 24. Bxg7 Kxg7 25. Ng5 f5 26. e6 Bb5 27. Bxb5 Nxb5 28. Nf7 Qc7 29. Rxf5 Nd4 30. Rh5 Kg8 31. Rxh7 1-0

[Event "Hessen-ch Seniors op 04th"]
[Site "Bad Sooden-Allendorf"]
[Date "2008.05.01"]
[Round "8"]
[White "Kluever, Horst"]
[Black "Klein, Alfred"]
[Result "1-0"]
[WhiteElo "1717"]
[BlackElo "1610"]
[PlyCount "117"]
[EventDate "2008.04.24"]
[EventType "swiss"]
[EventRounds "9"]
[EventCountry "GER"]
[SourceTitle "EXT 2022"]
[Source "ChessBase"]
[SourceDate "2021.10.06"]
[SourceVersion "1"]
[SourceVersionDate "2021.10.06"]
[SourceQuality "1"]

1. e4 c6 2. d4 d5 3. e5 Bf5 4. Bd3 Bxd3 5. Qxd3 e6 6. Be3 Nd7 7. Ne2 Qb6 8. b3 c5 9. 0-0 Rc8 10. c3 cxd4 11. cxd4 g6 12. Nbc3 a6 13. Rac1 Qd8 14. Na4 Ba3 15. Rxc8 Qxc8 16. Bd2 Bf8 17. Rc1 Qd8 18. b4 Ne7 19. Nc5 Nxc5 20. bxc5 Nc6 21. Rb1 Qc7 22. Rb6 Bg7 23. Qb3 Nd8 24. Ba5 Qc8 25. Bd2 h6 26. a4 0-0 27. a5 Kh7 28. Qb1 Qd7 29. Bb4 Re8 30. Ba3 Qa4 31. Bb4 Bf8 32. Nc3 Qd7 33. Ba3 Qe7 34. Rb3 Qh4 35. Ne2 Qg4 36. Rf3 h5 37. Rxf7+ Nxf7 38. f3 Qh4 39. g3 Qe7 40. Nf4 Qg5 41. Kf2 Qf5 42. Qxb7 Qc2+ 43. Ne2 Kg8 44. Bc1 Qc4 45. Qb1 Kg7 46. Nf4 Qxd4+ 47. Be3 Qxe5 48. Qxg6+ Kh8 49. Ne2 Qf5 50. Bd4+ Ne5 51. Bxe5+ Qxe5 52. Qxe8 Kg7 53. Qd7+ Kf6 54. Qd8+ Kg7 55. Qd7+ Kg6 56. Nf4+ Kg5 57. h4+ Kf6 58. Qd8+ Kf7 59. Qxf8+ 1-0

[Event "Schleswig Holstein-ch Seniors op"]
[Site "Eckernfoerde"]
[Date "2007.10.02"]
[Round "7"]
[White "Micheel, Peter"]
[Black "Klein, Alfred"]
[Result "1-0"]
[WhiteElo "1956"]
[BlackElo "1767"]
[PlyCount "107"]
[EventDate "2007.09.26"]
[EventType "swiss"]
[EventRounds "7"]
[EventCountry "GER"]
[SourceTitle "EXT 2008"]
[Source "ChessBase"]
[SourceDate "2007.11.25"]
[SourceVersion "1"]
[SourceVersionDate "2007.11.25"]
[SourceQuality "1"]

1. e4 c5 2. c3 d6 3. d4 cxd4 4. cxd4 Nf6 5. Nc3 g6 6. Bg5 Bg7 7. Nf3 0-0 8. Be2 a6 9. 0-0 b5 10. a3 Bb7 11. Nd2 Qb6 12. Be3 Qc6 13. Rc1 Qd7 14. f3 Nc6 15. Nb3 Rfd8 16. Qd2 Qe8 17. Na2 Rac8 18. Rc2 Nb8 19. Na5 Ba8 20. Rfc1 Rxc2 21. Rxc2 Rc8 22. Nb4 Rxc2 23. Qxc2 Qd8 24. Nb3 Bb7 25. Kf2 Qc8 26. Qxc8+ Bxc8 27. Na5 Kf8 28. Nac6 Nxc6 29. Nxc6 Bb7 30. Nb4 Nd7 31. b3 Nb8 32. Ke1 Nc6 33. Nxc6 Bxc6 34. Kd2 Ke8 35. Kd3 Bb7 36. Bd2 e6 37. h4 h5 38. g4 hxg4 39. fxg4 Bf6 40. h5 g5 41. h6 Kf8 42. Bb4 Be7 43. e5 Kg8 44. Bxd6 Bd8 45. Ke3 Bd5 46. b4 f5 47. exf6 Bxf6 48. Bf3 Kh7 49. Be5 Bd8 50. Bg7 Bc7 51. Bd1 Bf4+ 52. Kd3 Bc1 53. Bc2 Kg8 54. Kc3 1-0

[Event "Schleswig Holstein-ch Seniors op"]
[Site "Eckernfoerde"]
[Date "2007.09.27"]
[Round "2"]
[White "Klein, Alfred"]
[Black "Schmidt, Manfred"]
[Result "1-0"]
[WhiteElo "1767"]
[BlackElo "1448"]
[PlyCount "106"]
[EventDate "2007.09.26"]
[EventType "swiss"]
[EventRounds "7"]
[EventCountry "GER"]
[SourceTitle "EXT 2008"]
[Source "ChessBase"]
[SourceDate "2007.11.25"]
[SourceVersion "1"]
[SourceVersionDate "2007.11.25"]
[SourceQuality "1"]

1. c4 e5 2. Nc3 c5 3. Nf3 Nc6 4. g3 Nf6 5. Bg2 d6 6. 0-0 h6 7. d3 Be7 8. Ne1 Be6 9. b3 d5 10. cxd5 Nxd5 11. Bb2 Bf6 12. Ne4 Be7 13. Rc1 b6 14. Nf3 Qc7 15. Ba1 0-0-0 16. Qc2 f5 17. Nc3 Nxc3 18. Bxc3 Nd4 19. Qb2 Bf6 20. Nxd4 exd4 21. Bd2 a5 22. a3 g5 23. b4 Be7 24. bxc5 Bxc5 25. Qb5 Bd5 26. Bxa5 Kb7 27. Bxd5+ Rxd5 28. Qb3 Qd6 29. Rb1 Ra8 30. Qb5 f4 31. Rb3 Qc6 32. Qxc6+ Kxc6 33. Bb4 Re8 34. Bxc5 Rxc5 35. Rb2 b5 36. Rfb1 Rb8 37. Rb3 h5 38. Kg2 Re8 39. R1b2 Ree5 40. Rb4 Rcd5 41. a4 Kb6 42. axb5 fxg3 43. hxg3 g4 44. f3 Rxb5 45. Rxb5+ Rxb5 46. Rxb5+ Kxb5 47. f4 Kc5 48. Kf2 Kd5 49. e3 dxe3+ 50. Kxe3 Ke6 51. Ke4 Kf6 52. d4 h4 53. gxh4 g3 1-0